| 000 | 00607nac a22001931u 4500 | ||
|---|---|---|---|
| 020 | _a0201361183 | ||
| 082 |
_a005.133 _bSED |
||
| 090 |
_c6196 _d6196 |
||
| 100 | _aSedgewick, Robert | ||
| 245 |
_aAlgorithms in C++/ _cRobert Sedgewick _nPart 5 _pGraph Algorithms |
||
| 260 |
_aBoston, MA : _bAddison-Wesley.2002 _c2002 |
||
| 300 |
_a496p.: _bill.; _c22 cm. |
||
| 500 | _adistributer: Al-Ahram | ||
| 500 | _aIncludes index | ||
| 511 | _acatalogued by: wessam | ||
| 650 | _aC++(computer program langage) | ||
| 650 | _aComputer algorithms | ||
| 942 |
_cNB _k005.133SED |
||
| 999 |
_c6196 _d6196 |
||